000
00273nam a2200109Ia 4500
008
190216s9999||||xx |||||||||||||| ||und||
100
_a
Syama Sundar Ghosh
245
0
_a
Hindi-Naye Kavitha Ke Swaroop Vikas
260
_b
Hindi Sahithya Sadan
650
_a
Hindi
942
_c
BK
999
_c
15237
_d
15237